000 00486nam a2200193Ia 4500
003 GCL
008 140319s9999 xx 000 0 eng d
040 _aGCL /
_cGCL
082 0 4 _a628.4458
_bC R
100 1 _aCHANDRA, R
245 1 0 _aRUBBER AND WASTE /
_cCHANDRA, R
700 1 _aADAB, A
260 _a[S.N] :
_bCBS PUBLISHERS & DISTRIBUTORS ،
_c1994
300 _a172 P
650 0 4 _aRECYCLING
650 0 4 _aPLASTIC WASTE
650 0 4 _aRECYCLING TECHNOLOGY
942 _2ddc
_cBK
999 _c13867
_d13867